00429cam a22001217a 4500008004000000082001800040100001700058245007900075260004100154300001000195650005600205650004600261180718b1995 xxu||||| |||| 00| 0 eng d aBA27x54 Sh23w aSharma, B.D. aWhither tribal areas?: constitutional amendments and aftercby B.D. Sharma aNew DelhibSahyog Pustak Kutirc1995 a111p. aIndia --Scheduled tribes --Legal status, laws, etc. aDalits --Legal status, laws, etc. --India